000 00585nam a2200217Ia 4500
003 OSt
005 20230421151914.0
008 210423s2011 xx 000 0 und d
020 _a9789327214017
040 _cAL
041 _aeng
082 _a657.046 JAIS
100 _aJAIN (S P);NARANG (K L).
_938158
245 _aAdvanced Accountancy: corporate accounting.
260 _aNew Delhi
_bKalyani Publishers
_c2011
300 _axxii,II-1307
_bPB
365 _b395
_cINR
440 _v2
906 _aAccountancy: ; accounting. ; Advanced ; corporate ; V2.
942 _2ddc
_cBK
999 _c159536
_d159536